| 000 | 00729nam a2200205 i 4500 | ||
|---|---|---|---|
| 001 | 100399 | ||
| 003 | ES-MaACL | ||
| 005 | 20250831125831.0 | ||
| 007 | t| | ||
| 008 | 050928s1957 sp ||||1| spa d | ||
| 100 | 1 |
_aMartius, Heinrich. _978519 |
|
| 245 | 1 | 0 |
_aOperaciones ginecológicas y sus fundamentos anatomo-topográficos / _cpor el Prof. Varela Radio; puesta al día según la séptima edición alemana por el Dr. M. Varela Uña. |
| 250 | _a3ª ed. | ||
| 260 |
_aBarcelona : _bLabor, _c1957. |
||
| 300 |
_aXX, 416 p., 23 lám. : _bil. ; _c27 cm. |
||
| 700 | 1 |
_aVarela Radio, Manuel, _d1873-1962 _9113172 |
|
| 700 | 1 |
_aVarela Uña, Manuel. _9113174 |
|
| 852 |
_aES-MaACL _jC-12809 _bR.40147 |
||
| 999 |
_c100399 _d100399 |
||